[Event "Monarch Assurance Isle of Man"]
[Site "Port Erin IOM"]
[Date "2006.09.29"]
[Round "7"]
[White "Ferguson,M"]
[Black "Greenfeld,A"]
[Result "1/2-1/2"]
[WhiteElo "2389"]
[BlackElo "2551"]

1.e4 c5 2.Nf3 d6 3.Bb5+ Bd7 4.Bxd7+ Qxd7 5.O-O Nf6 6.Qe2 Nc6 7.c3 e6 8.d4 cxd4
9.cxd4 d5 10.e5 Ne4 11.Be3 Be7 12.Ne1 f6 13.f3 Ng5 14.Nd3 O-O 15.Rd1 fxe5
16.dxe5 Qe8 17.Nd2 Qh5 18.Bf2 Nf7 19.Re1 Nb4 20.Nxb4 Bxb4 21.a3 Ba5 22.Rac1 Qg5
23.b4 Bb6 24.Nb3 Bxf2+ 25.Kxf2 Rac8 26.Nc5 Qh6 27.Kg1 b6 28.Nb3 Rxc1 29.Rxc1 Qf4
30.Re1 Rc8 31.g3 Qh6 32.f4 Rc4 33.Rc1 Rxc1+ 34.Nxc1 g5 35.f5 Qh3 36.f6 Qf5
37.Nd3 h6 38.Kg2 Qe4+ 39.Qxe4 dxe4 40.Nf2 Nxe5 41.Nxe4 Kf7 42.Kf1 Nc4 43.a4 a5
44.bxa5 bxa5 45.Ke2 Nb6 46.Kf3 Nxa4 47.Nd6+ Kxf6 48.Nc4 Nc5 49.Nxa5 Nd7 50.Ke4 Ne5
51.h3 h5 52.Nb3 Nc4 53.Nc5 Nd6+ 54.Kf3 Kf5 55.g4+ hxg4+ 56.hxg4+ Ke5 57.Nd7+ Kd5
58.Nf6+ Kd4 59.Nh7 Nf7 60.Nf8 Kd5 61.Nh7 Kd4 62.Nf8 e5 63.Ne6+ Kd3 64.Nc5+ Kc4
65.Ne6 Kd5 66.Nc7+ Kd6 67.Ne8+ Ke7 68.Nc7 Nd6 69.Ke3 Kd7 70.Nd5 Ne8 71.Nb4 Nf6
72.Nd3 Kd6 73.Nf2 Ke6 74.Kf3 Kd5 75.Nh3  1/2-1/2

[Event "Bygger'n Masters"]
[Site "Gausdal NOR"]
[Date "2006.09.30"]
[Round "7"]
[White "Rozentalis,E"]
[Black "Kulaots,K"]
[Result "1/2-1/2"]
[WhiteElo "2605"]
[BlackElo "2550"]

1.e4 c5 2.Nf3 d6 3.Bb5+ Bd7 4.Bxd7+ Qxd7 5.O-O Nf6 6.e5 dxe5 7.Nxe5 Qc8 8.Na3 Nc6
9.Nac4 e6 10.b3 Be7 11.Nxc6 Qxc6 12.Bb2 Rd8 13.d3 O-O 14.f4 Nd5 15.Qf3 Qc8
16.a4 Nb4 17.Qg3 f6 18.Rf2 Rf7 19.Re1 Nd5 20.Qf3 Bf8 21.Rfe2 Re7 22.g3 Qc6
23.Qg4 Kf7 24.Qh3 h6 25.Qh5+ g6 26.Qh3 Bg7 27.Qg2 Ree8 28.Rf1 h5 29.Qe4 Ne7
30.Rfe1 Qxe4 31.dxe4 Nc6 32.e5 f5 33.c3 Bf8 34.h4  1/2-1/2

[Event "Monarch Assurance Isle of Man"]
[Site "Port Erin IOM"]
[Date "2006.09.30"]
[Round "8"]
[White "Quillan,G"]
[Black "Paehtz,E"]
[Result "0-1"]
[WhiteElo "2344"]
[BlackElo "2456"]

1.e4 c5 2.Nf3 d6 3.Bb5+ Nc6 4.O-O Bd7 5.Re1 Nf6 6.c3 a6 7.Ba4 b5 8.Bc2 e5
9.h3 Qc7 10.d3 g6 11.Nbd2 Bg7 12.Nf1 O-O 13.Ne3 Rac8 14.Nh2 Ne7 15.Qf3 Kh8
16.Nhf1 Nh5 17.a4 Nf4 18.axb5 axb5 19.Nd5 Nfxd5 20.exd5 Qb7 21.Bb3 c4 22.dxc4 bxc4
23.Bc2 f5 24.Rd1 e4 25.Qg3 Qb6 26.Be3 Qb8 27.Ra6 f4 28.Bxf4 Nf5 29.Qh2 Qxb2
30.Bxe4 Qxc3 31.Bxf5 Bxf5 32.Bxd6 Rfe8 33.Bf4 Re1 34.Raa1 Qxa1 35.Rxa1 Bxa1
36.Bd2 Be5 37.Bf4 Bg7 38.Bd2 Rd1 39.Qf4 c3 40.Be3 c2 41.Bc1 Bd3 42.d6 Bxf1
43.Kh2 Bb5  0-1

[Event "Monarch Assurance Isle of Man"]
[Site "Port Erin IOM"]
[Date "2006.10.01"]
[Round "9"]
[White "Ferguson,M"]
[Black "Eggleston,D"]
[Result "1-0"]
[WhiteElo "2389"]
[BlackElo "2232"]

1.e4 c5 2.Nf3 d6 3.Bb5+ Bd7 4.Bxd7+ Qxd7 5.O-O Nf6 6.Qe2 Nc6 7.c3 e6 8.d4 cxd4
9.cxd4 d5 10.e5 Ng8 11.Rd1 Nge7 12.Nc3 Nc8 13.b3 Nb6 14.a4 a5 15.Ne1 Bb4
16.Nb5 Nc8 17.Nd3 O-O 18.Nxb4 axb4 19.Rd3 N8a7 20.Nxa7 Rxa7 21.Bg5 b5 22.Bf6 Ne7
23.Qh5 h6 24.Rh3 Nf5 25.g4 bxa4 26.gxf5 axb3 27.Qxh6 Rxa1+ 28.Kg2 gxh6 29.Rxh6 Rg1+
30.Kxg1 b2 31.Rh8+  1-0

[Event "Corporacion del Sur A"]
[Site "Buenos Aires ARG"]
[Date "2006.10.03"]
[Round "2"]
[White "Giaccio,A"]
[Black "Fier,A"]
[Result "0-1"]
[WhiteElo "2462"]
[BlackElo "2490"]

1.e4 c5 2.Nf3 d6 3.Bb5+ Bd7 4.Bxd7+ Qxd7 5.O-O Nc6 6.c3 Nf6 7.Qe2 e6 8.d4 cxd4
9.cxd4 d5 10.e5 Ne4 11.Be3 Be7 12.Ne1 f5 13.f3 Ng5 14.Nd3 Nf7 15.Nd2 O-O
16.h3 Rac8 17.g4 Nh8 18.Rac1 Ng6 19.Nb3 b6 20.f4 Nh4 21.Kh2 Nb8 22.Rxc8 Rxc8
23.Rc1 Rxc1 24.Ndxc1 Qc6 25.Kg3 a5 26.Qd3 Qe8 27.Qc2 fxg4 28.hxg4 h5 29.f5 hxg4
30.fxe6 Qh5 31.Bg1 Nf3 32.Qc8+ Kh7 33.Qc2+ Kh6 34.Be3+ Bg5  0-1

[Event "WJun"]
[Site "Yerevan ARM"]
[Date "2006.10.03"]
[Round "1"]
[White "Andreikin,D"]
[Black "Movsisian,V"]
[Result "1-0"]
[WhiteElo "2507"]
[BlackElo "2293"]

1.e4 c5 2.Nf3 d6 3.Bb5+ Bd7 4.Bxd7+ Qxd7 5.c4 Nc6 6.d4 cxd4 7.Nxd4 Nf6 8.Nc3 e6
9.O-O Be7 10.b3 O-O 11.Bb2 Rad8 12.Re1 a6 13.Nxc6 Qxc6 14.Qe2 Rd7 15.Rac1 Rfd8
16.Red1 Qc5 17.Na4 Qg5 18.Bd4 b5 19.cxb5 Qxb5 20.Qc2 d5 21.e5 Ne8 22.Qd2 Rb8
23.Bc5 Bd8 24.Bd4 Be7 25.h3 h6 26.Qe3 Rc7 27.Rxc7 Nxc7 28.Rc1 Qd7 29.Nc5 Qd8
30.a4 Rb6 31.Qc3 Rc6 32.Qa5 Qb8 33.Kh2 Qc8 34.Nd3 Rxc1 35.Nxc1 Qb7 36.Qb6 Qxb6
37.Bxb6 Na8 38.Bd4 Kf8 39.Nd3 Ke8 40.Nc5 Nc7 41.g4 Kd8 42.Kg3 Kc8 43.b4 g6
44.Kf3 Bf8 45.Ke2 Be7 46.Be3 h5 47.f3 f6 48.exf6 Bxf6 49.b5 axb5 50.axb5 Nxb5
51.Nxe6 hxg4 52.fxg4 d4 53.Bd2 Nc7 54.Nf8 Nd5 55.Nxg6 Kd7 56.h4 Ke6 57.h5 Kf7
58.Kf3 Nc7 59.g5 Bg7 60.Nh4 Ne6 61.Ke4 Nc5+ 62.Kf5 d3 63.Nf3 Nb3 64.Ke4 Nxd2+
65.Nxd2 Bf6 66.gxf6 Kxf6 67.Kf4  1-0

[Event "WJun"]
[Site "Yerevan ARM"]
[Date "2006.10.03"]
[Round "1"]
[White "Valeanu,E"]
[Black "Khairullin,I"]
[Result "1/2-1/2"]
[WhiteElo "2361"]
[BlackElo "2543"]

1.e4 c5 2.Nf3 d6 3.Bb5+ Nd7 4.d4 Nf6 5.O-O cxd4 6.Qxd4 e5 7.Qd3 h6 8.Nc3 Be7
9.Nd2 O-O 10.Bxd7 Bxd7 11.Nc4 Be6 12.Ne3 Rc8 13.b3 Qa5 14.Bb2 Rfd8  1/2-1/2

[Event "Goodbye Summer Open"]
[Site "Omis CRO"]
[Date "2006.10.04"]
[Round "1"]
[White "Orak,L"]
[Black "Deur,Z"]
[Result "1-0"]
[WhiteElo "2298"]
[BlackElo "1939"]

1.e4 c5 2.Nf3 d6 3.Bb5+ Bd7 4.Bxd7+ Nxd7 5.O-O Ngf6 6.Qe2 Qc7 7.Na3 a6 8.c3 g6
9.d4 cxd4 10.cxd4 Bg7 11.e5 dxe5 12.dxe5 Ng4 13.e6 fxe6 14.Qxe6 Nde5 15.Nxe5 Nxe5
16.Bg5 Nf7 17.Bc1 Rc8 18.Bf4 Qc6 19.Qb3 O-O 20.Rac1 Qe4 21.Be3 b5 22.Nb1 Qe5
23.Nc3 Rc4 24.a4 Rh4 25.g3 bxa4 26.Nxa4 Rb8 27.Nb6 Rg4 28.Qd1 Qe6 29.Rc7 Re4
30.Nd5 Qd6 31.Nxe7+ Kf8 32.Qxd6 Nxd6 33.Bc5 Nb5 34.Nc6+ Kg8 35.Rxg7+  1-0

[Event "7th Veselin Boskovic Mem Op"]
[Site "Beograd SRB"]
[Date "2006.10.07"]
[Round "6"]
[White "Djurovic,Sl"]
[Black "Marcetic,N"]
[Result "0-1"]
[WhiteElo "2185"]
[BlackElo "2367"]

1.e4 c5 2.Nf3 d6 3.Bb5+ Bd7 4.Bxd7+ Qxd7 5.O-O Nc6 6.c3 Nf6 7.Re1 e6 8.d4 cxd4
9.cxd4 d5 10.e5 Ne4 11.Nbd2 Nxd2 12.Bxd2 Be7 13.Rc1 O-O 14.Qe2 Rfc8 15.Rc2 Rc7
16.Rec1 Rac8 17.Qd3 Nb4 18.Bxb4 Bxb4 19.Ng5 g6 20.h4 Be7 21.Nf3 h5 22.g3 Rxc2
23.Rxc2 Rc6 24.Kf1 Qc7 25.Ne1 Qb6 26.Rxc6 bxc6 27.b3 c5 28.dxc5 Bxc5 29.Qc2 Kg7
30.Nd3 Bd4 31.Kg2 Ba1 32.Qe2 Qd4 33.f3 Bc3 34.f4 Ba5 35.Qf3 Bb6 36.Kh3 Qa1
37.a4 a5 38.g4 hxg4+ 39.Kxg4 Qb1 40.h5 Qxb3 41.hxg6 fxg6 42.Kg3 Qxa4 43.f5 Qe4
44.fxe6 Qxf3+ 45.Kxf3 a4 46.Nb4 a3 47.Nd3 a2  0-1

[Event "7th Veselin Boskovic Mem Op"]
[Site "Beograd SRB"]
[Date "2006.10.07"]
[Round "6"]
[White "Strbac,M"]
[Black "Vujacic,Bo"]
[Result "1/2-1/2"]
[WhiteElo "2290"]
[BlackElo "2385"]

1.e4 c5 2.Nf3 d6 3.Bb5+ Bd7 4.Bxd7+ Qxd7 5.O-O Nf6 6.Re1 Nc6 7.b3 g6 8.Bb2 Bg7
9.e5 dxe5 10.Nxe5 Nxe5 11.Bxe5 O-O 12.Nc3 Rad8 13.d3 Ng4 14.Bxg7 Kxg7 15.Qe2 Rfe8
16.h3 Nf6 17.Qe5 Rc8 18.Re2 a6 19.a4 Qd4 20.a5 e6 21.Ra4 Qxe5 22.Rxe5 Nd7
23.Re1 f5 24.f4 Kf7 25.Kf2 h6 26.Nb1 e5 27.Nd2 exf4 28.Rxe8 Rxe8 29.Rxf4 Ke6
30.b4 g5 31.Rc4 Kd5 32.Nb3 Rc8 33.Ke3 Rc6 34.bxc5 Nxc5 35.Nxc5 Rxc5 36.Rxc5+ Kxc5
37.c4 b6 38.d4+ Kc6 39.d5+ Kc5 40.axb6 Kxb6 41.Kd4 a5 42.c5+ Kc7 43.Kc4 a4
44.Kb4 f4 45.Kxa4 h5 46.Kb5 g4 47.hxg4 hxg4 48.d6+ Kd7 49.Kb6 f3 50.gxf3  1/2-1/2

[Event "Goodbye Summer Open"]
[Site "Omis CRO"]
[Date "2006.10.07"]
[Round "6"]
[White "Prlac,V"]
[Black "Deur,Z"]
[Result "0-1"]
[WhiteElo "2115"]
[BlackElo "1939"]

1.e4 c5 2.Nf3 d6 3.Bb5+ Bd7 4.Bxd7+ Nxd7 5.O-O Ngf6 6.Qe2 g6 7.c3 Bg7 8.d4 cxd4
9.cxd4 O-O 10.e5 dxe5 11.dxe5 Ne8 12.e6 fxe6 13.Qxe6+ Kh8 14.Nc3 Nc7 15.Qh3 Nf6
16.Ng5 e5 17.Nce4 h6 18.Be3 b6 19.Rac1 Nfd5 20.Rfd1 Qe7 21.Rc6 Nf6 22.Rcc1 Rad8
23.Nxf6 Rxd1+ 24.Rxd1 Qxf6 25.Qd7 hxg5 26.Qxc7 Rf7 27.Qd8+ Kh7 28.Bxg5 Qxf2+  0-1

[Event "Goodbye Summer Open"]
[Site "Omis CRO"]
[Date "2006.10.07"]
[Round "6"]
[White "Zelcic,R"]
[Black "Ribicic,M"]
[Result "1-0"]
[WhiteElo "2556"]
[BlackElo "2200"]

1.e4 c5 2.Nf3 d6 3.Bb5+ Nc6 4.c3 a6 5.Bxc6+ bxc6 6.O-O Bg4 7.d3 g6 8.h3 Bxf3
9.Qxf3 Bg7 10.e5 d5 11.Bf4 e6 12.Nd2 Ne7 13.Qe3 d4 14.cxd4 cxd4 15.Qe2 Nd5
16.Bg3 O-O 17.Rac1 Bh6 18.Rxc6 Qa5 19.Nc4 Qxa2 20.Qe4 Rfd8 21.Bh4 Rdc8 22.Rxc8+ Rxc8
23.Qxd4 Qa4 24.Qe4 Nf4 25.Qf3 Qc6 26.Qxc6 Rxc6 27.b3 g5 28.Bg3 Nxd3 29.Rd1 Nc5
30.Rd8+ Bf8 31.Nd6 Nxb3 32.h4 h6 33.f4 g4 34.h5 Rc7 35.Bh4 Nd4 36.Ne8 Rc1+
37.Kf2 Rc2+ 38.Kg1 Rc1+ 39.Kh2 Nf5 40.Bf6 g3+ 41.Kh3 Rc6 42.Ra8 Rb6 43.Bg7 Ne7
44.Bxf8 Kxf8 45.Nf6+ Kg7 46.Kxg3 Rc6 47.Re8 Rc7 48.Ra8 Rc6 49.Kh3 Rc8 50.Rxa6 Ng8
51.Ng4 Rc3+ 52.g3 Rc7 53.Ra8 Ne7 54.Nf6 Rc8 55.Ra7 Ng8 56.Ne4 Re8 57.Nd6 Re7
58.Ra8 Rd7 59.g4 Re7 60.Kh4 f6 61.Ne8+ Kf7 62.Nxf6 Nxf6 63.exf6 Kxf6 64.Rg8 Rh7
65.Rg6+ Kf7 66.Kg3 Ke7 67.Kf3  1-0

[Event "WJun"]
[Site "Yerevan ARM"]
[Date "2006.10.07"]
[Round "5"]
[White "Alaverdyan,G"]
[Black "Gupta,Ab"]
[Result "1/2-1/2"]
[WhiteElo "2202"]
[BlackElo "2481"]

1.e4 c5 2.Nf3 d6 3.Bb5+ Bd7 4.Bxd7+ Qxd7 5.c4 Nf6 6.Nc3 g6 7.d4 cxd4 8.Nxd4 Bg7
9.f3 O-O 10.Be3 Nc6 11.O-O a6 12.Nd5 Nxd5 13.exd5 Nxd4 14.Bxd4 b5 15.Bxg7 Kxg7
16.Qd4+ Kg8 17.Rac1 Qa7 18.Qxa7 Rxa7 19.Rfe1 Kg7 20.Kf2 Rc8 21.cxb5 Rb8 22.b6 Rxb6
23.b3 Rb5 24.Red1 a5 25.Rc4 a4 26.b4 a3 27.Ke3 Ra4 28.Rdd4 Kf6 29.Kd3 e5
30.dxe6 fxe6 31.Rxd6 Raxb4 32.Rxb4 Rxb4 33.Ra6 Rb2 34.Rxa3 Rxg2 35.h4 Rh2
36.Ra4 Kf5 37.Ke3 e5 38.a3 h5 39.Re4 Rb2 40.a4 Ra2 41.Rb4 Rc2 42.Re4 Ra2
43.Rb4 g5 44.hxg5 Kxg5 45.Re4 Kf5 46.Rh4 Kg6 47.Re4 Kf5 48.Rh4 Kg6 49.Re4 Kf5
50.Rh4  1/2-1/2

[Event "WJun"]
[Site "Yerevan ARM"]
[Date "2006.10.07"]
[Round "5"]
[White "Meier,Geo"]
[Black "Pashikian,A"]
[Result "1/2-1/2"]
[WhiteElo "2484"]
[BlackElo "2527"]

1.e4 c5 2.Nf3 d6 3.Bb5+ Nd7 4.d4 Nf6 5.Nc3 cxd4 6.Qxd4 e5 7.Qd3 h6 8.Be3 Be7
9.O-O O-O 10.Bc4 a6 11.a4 Qa5 12.Rfd1 Nc5 13.Bxc5 Qxc5 14.Nd5 Nxd5 15.Bxd5 Rb8
16.Qb3 b5 17.Ne1 Bb7 18.axb5 axb5 19.Ra5 Bxd5 20.Rxd5 Qc4 21.Qxc4 bxc4 22.Rab5 g6
23.c3 f5 24.exf5 gxf5 25.f4 Rxb5 26.Rxb5 exf4 27.Nf3 Bf6 28.Rxf5 Bg7 29.Rb5 Kf7
30.Rb7+ Kf6 31.Rd7 Rb8 32.Rxd6+ Kf5 33.Rd2 Bf8 34.Kf1 Ke4 35.Rd4+ Kf5 36.Rd2 Ke4
37.Re2+ Kd5 38.Re5+ Kc6 39.Nd4+ Kd6 40.Rb5 Rxb5 41.Nxb5+ Kd5 42.Nd4 Bc5 43.Nc2 Ke4
44.Ke2 h5 45.Na3 Kd5 46.Nc2 Ke4 47.Na3 Kd5 48.Nc2  1/2-1/2

[Event "WJun"]
[Site "Yerevan ARM"]
[Date "2006.10.07"]
[Round "5"]
[White "Andreikin,D"]
[Black "Andriasian,Z"]
[Result "1/2-1/2"]
[WhiteElo "2507"]
[BlackElo "2463"]

1.e4 c5 2.Nf3 d6 3.Bb5+ Bd7 4.Bxd7+ Qxd7 5.c4 g6 6.d4 cxd4 7.Nxd4 Bg7 8.Nc3 Nc6
9.Be3 Nf6 10.f3 O-O 11.O-O Rfc8 12.b3 Qd8 13.Rc1 Qa5 14.Kh1 a6 15.a4 e6 16.f4 Qh5
17.Nxc6 Rxc6 18.Qxh5 Nxh5 19.g4 Bxc3 20.gxh5 Bg7 21.hxg6 hxg6 22.f5 exf5
23.exf5 Be5 24.Rg1 Kg7 25.Rg2  1/2-1/2

[Event "ECU Club Cup"]
[Site "Feugen AUT"]
[Date "2006.10.08"]
[Round "1"]
[White "Maeser,F"]
[Black "Sakaev,K"]
[Result "0-1"]
[WhiteElo "2289"]
[BlackElo "2642"]

1.e4 c5 2.Nf3 d6 3.Bb5+ Nc6 4.O-O Bd7 5.Re1 Nf6 6.c3 a6 7.Bf1 Bg4 8.d3 e6
9.Nbd2 Be7 10.h3 Bh5 11.g4 Bg6 12.Nh4 Nd7 13.Ng2 f6 14.Ne3 Bf7 15.f4 O-O
16.Bg2 Re8 17.Ndf1 Bf8 18.Ng3 Nb6 19.d4 cxd4 20.cxd4 d5 21.e5 fxe5 22.dxe5 Rc8
23.a3 Ne7 24.f5 Nc6 25.fxe6 Rxe6 26.Nxd5 Rxe5 27.Rxe5 Nxe5 28.Nc3 Qxd1+ 29.Nxd1 Bd5
30.Ne4 Rc2 31.Ndf2 Bc6 32.Be3 Nd5 33.Bd4 Nf4 34.Bxe5 Nxg2 35.Kxg2 Bxe4+ 36.Kg3 Bc6
37.Re1 a5 38.Ne4 a4 39.g5 Kf7 40.Nd6+ Kg6 41.h4 Rg2+ 42.Kh3 Rd2 43.Ne4 Rd3+
44.Ng3 Bd7+ 45.Kg2 Bg4 46.Rf1 Rd2+ 47.Rf2 Bh3+ 48.Kf3 Bg4+ 49.Kg2 Rxf2+ 50.Kxf2 Bc5+
51.Ke1 Be7  0-1

[Event "I Patrimonio de la Humanidad Open"]
[Site "Alcala de Henares ESP"]
[Date "2006.10.09"]
[Round "3"]
[White "Kasparov,S"]
[Black "Marin,Sebastian"]
[Result "1-0"]
[WhiteElo "2529"]
[BlackElo "2339"]

1.e4 c5 2.Nf3 d6 3.Bb5+ Nd7 4.O-O Nf6 5.Re1 a6 6.Bf1 e5 7.c3 Be7 8.d4 O-O
9.Nbd2 b5 10.a4 Rb8 11.axb5 axb5 12.b3 b4 13.dxe5 bxc3 14.exd6 cxd2 15.dxe7 dxe1=Q
16.exf8=Q+ Nxf8 17.Qxe1 Rxb3 18.Bg5 h6 19.Bh4 Qb6 20.Nd2 Rb4 21.f3 Be6 22.Bf2 Rb2
23.Nc4 Bxc4 24.Bxc4 Qb4 25.Qc1 Ng6 26.Be1 Qb8 27.Bg3 Ne5 28.Bf1 Nfd7 29.Qc3 Rb3
30.Qd2 Qb4 31.Qxb4 Rxb4 32.Rd1 Rd4 33.Rxd4 cxd4 34.Bb5 d3 35.Kf1 g5 36.Ke1 f6
37.Bxd7 Nxd7 38.Kd2 Kf7 39.Kxd3 Ke6 40.Kd4 Nf8 41.h4 gxh4 42.Bxh4 Ng6 43.Be1 Nf4
44.g3 Ng6 45.g4 Ne5 46.Ke3 Kf7 47.Bg3 Nc6 48.f4 Nd8 49.Bh4 Ne6 50.f5 Ng7
51.Kf4 Ne8 52.Be1 Nd6 53.Bd2 Nb5 54.Bc1 Nc7 55.Ke3 Nb5 56.Kd3 Kg7 57.Kc4 Nd6+
58.Kd5 Nf7 59.Bf4 Nd8 60.Kd6 Nb7+ 61.Ke7  1-0

[Event "I Patrimonio de la Humanidad Open"]
[Site "Alcala de Henares ESP"]
[Date "2006.10.10"]
[Round "4"]
[White "Kasparov,S"]
[Black "Mirzoev,A"]
[Result "1/2-1/2"]
[WhiteElo "2529"]
[BlackElo "2543"]

1.e4 c5 2.Nf3 d6 3.Bb5+ Nc6 4.Bxc6+ bxc6 5.O-O e5 6.c3 Nf6 7.Re1 Bg4 8.d3 Be7
9.Nbd2 O-O 10.h3 Bh5 11.Nf1 Nd7 12.Ng3 Bg6 13.d4 exd4 14.cxd4 d5 15.Bf4 Re8
16.Rc1  1/2-1/2

[Event "7th Veselin Boskovic Mem Op"]
[Site "Beograd SRB"]
[Date "2006.10.10"]
[Round "8"]
[White "Nestorovic,DN"]
[Black "Klasan,V"]
[Result "1/2-1/2"]
[WhiteElo "2400"]
[BlackElo "2220"]

1.e4 c5 2.Nf3 d6 3.Bb5+ Bd7 4.Bxd7+ Qxd7 5.O-O Nc6 6.c3 Nf6 7.d4 Nxe4 8.d5 Ne5
9.Re1 Nxf3+ 10.Qxf3 Nf6 11.c4 e5 12.dxe6 fxe6 13.Nc3 Be7 14.Bg5 O-O 15.Qh3 h6
16.Qxe6+ Qxe6 17.Rxe6 Kf7 18.Rae1 Rfe8 19.Bf4 Bf8 20.Rxe8 Rxe8 21.Rd1 a6
22.f3 Ke6 23.g4 Rb8 24.a4 Be7 25.h4 Rf8 26.Bg3 Rd8 27.Kg2 g5 28.hxg5 hxg5
29.Rh1 d5 30.cxd5+ Nxd5 31.Rh6+ Kf7 32.Nxd5 Rxd5 33.Rb6 Rd7 34.Be5 Bd8 35.Rh6 Rd2+
36.Kg3 Re2 37.f4 Re3+ 38.Kf2 gxf4 39.Bxf4 Re4 40.Kf3 Rxa4 41.Rh7+ Ke6 42.Rxb7 Rb4
43.Rxb4 cxb4 44.b3 Kd5 45.Ke3 Kc5 46.g5 Bxg5 47.Bxg5 Kb5 48.Bd8 a5 49.Bxa5 Kxa5
50.Ke4 Kb6 51.Kd4 Kb5 52.Kd5  1/2-1/2

[Event "22nd ECU Club Cup"]
[Site "Feugen AUT"]
[Date "2006.10.10"]
[Round "3"]
[White "Novikov,Vit"]
[Black "Chocenka,D"]
[Result "1/2-1/2"]
[WhiteElo "2328"]
[BlackElo "2272"]

1.e4 c5 2.Nf3 d6 3.Bb5+ Nc6 4.O-O Bd7 5.Re1 a6 6.Bxc6 Bxc6 7.d4 cxd4 8.Qxd4 Nf6
9.Bg5 e5 10.Qd3 Qb6 11.Bxf6 gxf6 12.Nbd2 Rd8 13.Nc4 Qc5 14.Ne3 d5 15.exd5 Rxd5
16.Nxd5 Qxd5 17.Qxd5 Bxd5 18.Rad1 Be6 19.Nd2 Be7 20.Ne4 O-O 21.Nc3 Rc8 22.Re2 Kg7
23.h3 Rc5 24.Rd3 a5 25.Red2 f5 26.Na4 Rb5 27.b3 e4 28.Rd7 Bg5 29.c4 Bxd2
30.Rxd2 Re5 31.Nc3 f4 32.Rd4 e3  1/2-1/2

[Event "XI WCh-Blind"]
[Site "Goa IND"]
[Date "2006.10.10"]
[Round "2"]
[White "Schellmann,F"]
[Black "Wassin,S"]
[Result "1/2-1/2"]
[WhiteElo "2116"]
[BlackElo "2299"]

1.e4 c5 2.Nf3 d6 3.Bb5+ Bd7 4.Bxd7+ Qxd7 5.c4 Nf6 6.Nc3 Nc6 7.d4 cxd4 8.Nxd4 Qg4
9.Qxg4 Nxg4 10.Nxc6 bxc6 11.Bf4 Ne5 12.Bxe5 dxe5 13.O-O-O e6 14.Na4 Rd8 15.Rxd8+ Kxd8
16.c5 Kc7 17.Kc2 h5 18.Rd1 Be7 19.Kc3 f5 20.Kc4 Rd8 21.Rxd8 Bxd8 22.f3 Bg5
23.b4 Be3 24.Nb2 Bd4 25.Nd3 g5 26.a4 a6 27.h3 h4 28.Nc1 Bf2 29.Nd3 Bg3 30.b5 a5
31.Nc1  1/2-1/2

[Event "22nd ECU Club Cup"]
[Site "Feugen AUT"]
[Date "2006.10.11"]
[Round "4"]
[White "Grand,H"]
[Black "Lahtinen,M"]
[Result "0-1"]
[WhiteElo "2047"]
[BlackElo "2257"]

1.e4 c5 2.Nf3 d6 3.Bb5+ Bd7 4.Bxd7+ Qxd7 5.O-O Nf6 6.Re1 Nc6 7.c3 e6 8.d4 cxd4
9.cxd4 d5 10.e5 Ne4 11.Nbd2 Nxd2 12.Bxd2 Be7 13.a3 h6 14.b4 a6 15.Qb3 O-O
16.a4 b5 17.Bc3 Rab8 18.axb5 axb5 19.Red1 f6 20.Re1 fxe5 21.Nxe5 Nxe5 22.Rxe5 Bd6
23.Re2 Rbc8 24.Re3 Rc4 25.g3 h5 26.h4 Qf7 27.Qb2 Rfc8 28.Be1 Rc2 29.Qb3 Rc1
30.Rxc1 Rxc1 31.Qa3 Rd1 32.Qc3 Qd7 33.Kg2 Be7 34.Qb2 Bf6 35.Qe2 Rxd4 36.Rxe6 Rg4
37.Re8+ Kf7 38.Rb8 g6 39.Rxb5 Re4 40.Qd3 Rxe1 41.Rxd5 Qe6 42.Rd7+ Be7 43.b5 Qe4+
44.Qxe4 Rxe4 45.f3 Re2+ 46.Kh3 Rb2 47.Rb7 Rf2 48.f4 Rb2 49.b6 Kf6 50.Rd7 Rxb6
51.Rd3 Rb1 52.Rc3 Kf5 53.Rd3 Ke4 54.Rc3 Bf6 55.Rc6 Bd4 56.Ra6 Kf3 57.Ra5 Be3
58.Kh2 Re1 59.Ra3 Kg4 60.Ra2 Rd1 61.Ra3 Rd2+ 62.Kh1 Kh3  0-1

[Event "Open"]
[Site "Winterthur SUI"]
[Date "2006.10.11"]
[Round "6"]
[White "Lehmann,Mar"]
[Black "Schiendorfer,E"]
[Result "1/2-1/2"]
[WhiteElo "2219"]
[BlackElo "2056"]

1.e4 c5 2.Nf3 d6 3.Bb5+ Bd7 4.Bxd7+ Nxd7 5.O-O Ngf6 6.Qe2 e6 7.c3 Be7 8.d4 O-O
9.Rd1 Qc7 10.Bg5 Rfe8 11.e5 dxe5 12.dxe5 Nd5 13.c4 Nb4 14.Bf4 Nc6 15.Nc3 a6
16.h4 Bf8 17.Qe4 h6 18.g4 Rad8 19.h5 Nb6 20.b3 Rxd1+ 21.Rxd1 Rd8 22.Rxd8 Qxd8
23.Kg2 Be7 24.Qe3 Nd4 25.Ne4 Qd7 26.Kg3 Nc8 27.Nxd4 cxd4 28.Qd3 Na7 29.Bd2 Nc6
30.f4 a5  1/2-1/2

[Event "Open"]
[Site "Winterthur SUI"]
[Date "2006.10.11"]
[Round "6"]
[White "Lehmann,A"]
[Black "Ballmann,M"]
[Result "1/2-1/2"]
[WhiteElo "2181"]
[BlackElo "2406"]

1.e4 c5 2.Nf3 d6 3.Bb5+ Bd7 4.Bxd7+ Nxd7 5.d4 cxd4 6.Qxd4 Ngf6 7.Nc3 g6 8.O-O Bg7
9.Bg5 O-O 10.Rad1 h6 11.Bxf6 Nxf6 12.Rfe1 Qc7 13.e5 dxe5 14.Qxe5 Qxe5 15.Nxe5 Rfd8
16.Rxd8+ Rxd8 17.Nc4 Nd5 18.Nxd5 Rxd5 19.g3 e6 20.Kf1 b5 21.Ne3 Rh5 22.c3 Rxh2
23.Kg1 Rh5 24.Rd1 Bf8 25.b4 a5 26.bxa5 b4 27.cxb4 Bxb4 28.a6 Ra5 29.Rb1 Bc5
30.Ng4 Kg7 31.Rc1 Bd4 32.Rc2 Rxa6 33.Kg2 Ra3 34.Nh2 f5 35.Nf3 Bc3 36.Re2 Kf6
37.Re3 Bb4 38.Re2 Ra6 39.Ne5 Bc3 40.Nd7+ Ke7 41.Nc5 Rc6 42.Nd3 Rd6 43.Nc5 Bb4
44.Nb3 Rd3 45.Re5 Kf6 46.Rb5 Ba3 47.Ra5 Be7 48.Rb5 Rd5 49.Rb7 g5 50.a4 Bd8
51.Rh7 Kg6 52.Ra7 h5 53.a5 Rb5 54.Nd4 Rxa5 55.Rxa5 Bxa5 56.Nxe6 Bb6 57.Nf8+ Kf7
58.Nd7 Bd4 59.Nb8 Ke6 60.Na6 Bc3 61.Nc7+ Kd7 62.Nd5 Bd4 63.Kf3 Kd6 64.Nb4 Kc5
65.Na6+ Kc4 66.Nc7 Be5 67.Ne6 g4+ 68.Ke3 Kd5 69.Nf4+ Bxf4+ 70.Kxf4 Ke6 71.Kg5 Ke5  1/2-1/2

[Event "WJun Girls"]
[Site "Yerevan ARM"]
[Date "2006.10.11"]
[Round "8"]
[White "Melia,S"]
[Black "Hou Yifan"]
[Result "1-0"]
[WhiteElo "2395"]
[BlackElo "2481"]

1.e4 c5 2.Nf3 d6 3.Bb5+ Bd7 4.Bxd7+ Qxd7 5.O-O Nf6 6.Qe2 Nc6 7.c3 e6 8.d4 cxd4
9.cxd4 d5 10.e5 Ng8 11.Nbd2 a5 12.Rd1 Nge7 13.Nf1 Ng6 14.Ng3 Be7 15.Nh5 O-O
16.Ng5 Rae8 17.Qg4 f5 18.Qh3 Bxg5 19.Bxg5 Rc8 20.Rac1 f4 21.g4 Nxd4 22.Rxc8 Ne2+
23.Kf1 Qxc8 24.Kxe2 Qc2+ 25.Ke1 f3 26.Qf1 Nxe5 27.Be3 Qxb2 28.Ng3 Rc8 29.Qh3 Rc2
30.g5 Nd3+ 31.Kf1 Rxf2+ 32.Kg1 Rg2+ 33.Kh1 Qe5 34.Qh5 g6 35.Qxf3 Rxa2 36.Rf1 Qg7
37.Bd4 Ne1 38.Qc3 Qd7 39.Qxe1 Qc7 40.Qxe6+  1-0

[Event "WJun"]
[Site "Yerevan ARM"]
[Date "2006.10.11"]
[Round "8"]
[White "Meier,Geo"]
[Black "Khairullin,I"]
[Result "1/2-1/2"]
[WhiteElo "2484"]
[BlackElo "2543"]

1.e4 c5 2.Nf3 d6 3.Bb5+ Nc6 4.Bxc6+ bxc6 5.O-O Bg4 6.d3 Nf6 7.h3 Bh5 8.Nbd2 Nd7
9.Qe1 e5 10.Nh2 Be7 11.Nc4 Nf8 12.f4  1/2-1/2

[Event "XI WCh-Blind"]
[Site "Goa IND"]
[Date "2006.10.13"]
[Round "5"]
[White "Krishna,U"]
[Black "Bischoff,D"]
[Result "1/2-1/2"]
[WhiteElo "2057"]
[BlackElo "2168"]

1.e4 c5 2.Nf3 d6 3.Bb5+ Nd7 4.d4 Nf6 5.Nc3 cxd4 6.Qxd4 e5 7.Qd3 h6 8.Qe2 Be7
9.Be3 Qc7 10.Nh4 a6 11.Bc4 Nc5 12.Bd5 Nxd5 13.Nxd5 Qd8 14.Nf3 O-O 15.Bxc5 dxc5
16.Rd1 Bf6 17.O-O Bg4 18.h3 Bh5 19.Nf4 Bxf3 20.Qxf3 Qa5 21.Nd5 Bd8 22.a3 Qb5
23.b3 c4 24.Qc3 cxb3 25.cxb3 Re8 26.a4 Qa5 27.Qxa5 Bxa5 28.b4 Bd8 29.Rc1 Re6
30.Rc2 Rd6 31.Rfc1 Rd7 32.g3 g6 33.h4 h5 34.Kg2 Kg7  1/2-1/2

[Event "IRT5"]
[Site "Sao Paulo BRA"]
[Date "2006.10.13"]
[Round "3"]
[White "Gomez,Gu"]
[Black "Giese,E"]
[Result "1-0"]
[WhiteElo "2094"]
[BlackElo "1856"]

1.e4 c5 2.Nf3 d6 3.Bb5+ Bd7 4.Bxd7+ Qxd7 5.c4 g6 6.O-O Bg7 7.d4 cxd4 8.Nxd4 Nf6
9.Nc3 O-O 10.f3 Nc6 11.Nde2 Rac8 12.b3 a6 13.a4 Na7 14.Be3 Nc6 15.a5 e6 16.Qd2 Ne7
17.Na4 Rcd8 18.Bb6 Rc8 19.Rad1 d5 20.e5 Ne8 21.Nc5 Rxc5 22.Bxc5 Bxe5 23.cxd5 exd5
24.Bxe7 Qxe7 25.Rfe1 Qc5+ 26.Kh1 Nf6 27.b4 Qc7 28.f4 Bd6 29.Qd4 Ng4 30.Rc1 Qb8
31.Nc3 Bxf4 32.Nxd5 Bg5 33.Qxg4 Bxc1 34.Nf6+ Kg7 35.Qd4 Qc8 36.Ne8+  1-0

[Event "32nd Guernsey Chess Festival"]
[Site "Grand Harve Bay GCI"]
[Date "2006.10.16"]
[Round "2"]
[White "Wismayer,C"]
[Black "Hillarp Persson,T"]
[Result "0-1"]
[WhiteElo "2124"]
[BlackElo "2557"]

1.e4 c5 2.Nf3 d6 3.Bb5+ Nd7 4.c3 Nf6 5.e5 dxe5 6.Nxe5 a6 7.Nxd7 Bxd7 8.Bxd7+ Qxd7
9.O-O e6 10.Qe2 Rd8 11.Na3 b5 12.Rd1 c4 13.b3 Qd3 14.Re1 Qxe2 15.Rxe2 Nd5
16.bxc4 Nf4 17.Re4 Nd3 18.Nc2 Bc5 19.cxb5 Nxf2 20.Rc4 Nd3+ 21.Rxc5 Nxc5 22.Ba3 Rxd2
23.Bxc5 Rxc2 24.bxa6 Kd7 25.Bd4 Ra8 26.a7 f6 27.Rb1 Kc8 28.Rb4 Rxa2 29.Rc4+ Kd7
30.Rb4 e5 31.Be3 R8xa7 32.Bxa7 Rxa7 33.Kf2 Rc7 34.Rb3 Ke6 35.Ke3 Kf5 36.Ra3 h5
37.Kd3 Rd7+ 38.Ke3 Rc7 39.Kd3 h4 40.h3 g5 41.c4 Kf4 42.Ra6 f5 43.Rf6 e4+
44.Kc3 Re7  0-1

[Event "XI WCh-Blind"]
[Site "Goa IND"]
[Date "2006.10.17"]
[Round "8"]
[White "Krishna,U"]
[Black "Hilton,S"]
[Result "1/2-1/2"]
[WhiteElo "2057"]
[BlackElo "2002"]

1.e4 c5 2.Nf3 d6 3.Bb5+ Nd7 4.d4 Nf6 5.Nc3 cxd4 6.Qxd4 e5 7.Qd3 h6 8.Qe2 Be7
9.Be3 O-O 10.O-O Nb6 11.Rad1 Be6 12.Nxe5 Qc7 13.Nf3 Rfc8 14.Nd4 Bc4 15.Bxc4 Nxc4
16.Bc1 a6 17.Nf5 Bf8 18.Qf3 Ne5 19.Nxh6+ Kh8 20.Qf5 Be7 21.Bg5 Rf8 22.Bxf6 Bxf6
23.Nd5 Qd8 24.f4 Nd7 25.Ng4 g6 26.Qxd7 Qxd7 27.Ngxf6 Qc6 28.Rd3 Kg7 29.Rc3 Qa4
30.f5 Qd4+ 31.Kh1 Rac8 32.Rd3 Qxb2 33.Nd7 Rh8 34.f6+ Kh6 35.Ne7 Qxc2 36.Rh3+ Kg5
37.Rg3+ Kh6 38.Nxc8 Rxc8 39.Rh3+ Kg5 40.Rg3+ Kh6  1/2-1/2